00538 2200217 4500001002100000005001700021008004100038020001800079035002500097040001200122082000800134084001700142100001000159245003600169250001100205260003300216300003200249650001000281850001200291990001700303INLIS00000000000777820150708091638.0 ind  a979-407-837-9 a0010-071500000000461 aYOPDYOG a813 aPK 813 Bag D aBAGIN aDerap kaki dendam hati /cBagin aCet. 4 aJakartabBalai Pustakac2002 a159 hlm. :bilus. ;c22 cm. aFiksi aYOPDYOG a0990-PK/A.09